000 00366nam a2200157Ia 4500
008 210716s2004 xx 000 0 und d
020 _a8178811871
041 _aeng
082 _a332.17 SEEK
100 _aICFAI.
245 _aFinancial services.
250 _a1
260 _aHyderabad
_bICFAI University Press
_c2004
300 _avii,199
650 _aFinance
999 _c202344
_d202344